Sports Quiz

Random Sports or Golf Quiz
Score 0/16 Timer 05:00
0 Plays Today
% Correct
Michael Jordan
95.3%
Dwayne Johnson
94.4%
Tim Tebow
87.2%
Bo Jackson
86.7%
Tony Romo
86.4%
Deion Sanders
84.7%
Danny Ainge
60.9%
Herschel Walker
56.6%
% Correct
Jim Thorpe
46.3%
Ed 'Too Tall' Jones
40.2%
Brian Jordan
34.3%
Drew Henson
28%
Ernie Ladd
27.2%
Chris Weinke
26.4%
John Burkett
23.5%
Dave DeBusschere
17.3%
Remove Ads.
Support Sporcle.
Get the best of Sporcle when you Go Orange. This ad-free experience offers more features, more stats, and more fun while also helping to support Sporcle. Thank you for becoming a member.

You're not logged in!

Compare scores with friends on all Sporcle quizzes.
OR
Log In

Show Comments

Extras

Top Quizzes Today


Score Distribution

Your Account Isn't Verified!

In order to create a playlist on Sporcle, you need to verify the email address you used during registration. Go to your Sporcle Settings to finish the process.

Report this User

Report this user for behavior that violates our Community Guidelines.

Details: